| 000 | 01531cam a2200265 a 4500 | ||
|---|---|---|---|
| 999 |
_c2219 _d2219 |
||
| 001 | (Sirsi) a1002599 | ||
| 003 | OSt | ||
| 005 | 20230403092813.0 | ||
| 008 | 150227r20152014enka c 000 0 eng | ||
| 015 |
_aGBB544892 _2bnb |
||
| 020 |
_a9780552574013 _q(pbk.) : |
||
| 040 |
_aStDuBDS _beng _cStDuBDS _dTAE _dKH8 |
||
| 042 | _anbic | ||
| 082 | 0 | _a823.914 WIL | |
| 100 | 1 |
_aWilson, Jacqueline. _eauthor |
|
| 245 | 1 | 0 |
_aOpal Plumstead / _cJacqueline Wilson ; illustrated by Nick Sharratt. |
| 260 |
_aLondon : _bCorgi Children's, _c2015. |
||
| 300 |
_a519 p. : _bill. ; _c20 cm. |
||
| 500 | _aOriginally published: London: Doubleday, 2014. | ||
| 520 | _aOpal Plumstead might be plain, but she has always been fiercely intelligent. Yet her scholarship and dreams of university are snatched away when her father is sent to prison, and fourteen-year-old Opal must start work at the Fairy Glen sweet factory to support her family. Opal struggles to get along with the other workers, who think her snobby and stuck-up. But Opal idolises Mrs Roberts, the factory's beautiful, dignified owner, who introduces Opal to the legendary Mrs Pankhurst and her fellow Suffragettes. And when Opal meets Morgan - Mrs Roberts' handsome son, and the heir to Fairy Glen - she believes she has found her soulmate. But the First World War is about to begin, and will change Opal's life for ever. | ||
| 521 | 1 | _a9-12. | |
| 651 | 0 |
_aGreat Britain _xHistory _yGeorge V, 1910-1936 _vJuvenile fiction. |
|
| 700 | 1 |
_aSharratt, Nick. _eill |
|
| 942 |
_2ddc _cNFIC |
||